Filosofías de la ciudadanía: sujeto político y democracia
Saved in:
| Main Authors: | , , |
|---|---|
| Format: | Bog |
| Sprog: | spansk |
| Udgivet: |
Santa Fe
Homo Sapiens
2001
|
| Udgivelse: | 2a. ed |
| Serier: | Politeia
|
| Fag: | |
| Tags: |
Tilføj Tag
Ingen Tags, Vær først til at tagge denne postø!
|
MARC
| LEADER | 00000nam a2200000 a 4500 | ||
|---|---|---|---|
| 001 | UCL7879 | ||
| 003 | CL-VaPUC | ||
| 008 | 040604e20010000AG |||||||||||||||||spa|d | ||
| 020 | |a 9508082321 | ||
| 082 | 0 | 4 | |a 320.01 |b QUI |2 21 |
| 100 | 0 | |a Quiroga, Hugo |e author |9 485824 | |
| 700 | 0 | |a Villavicencio, Susana |e author |9 485825 | |
| 700 | 0 | |a Vermeren, Patrice |e author |9 485826 | |
| 245 | 1 | 0 | |a Filosofías de la ciudadanía: sujeto político y democracia |
| 250 | |a 2a. ed | ||
| 300 | |a 260 p | ||
| 942 | |c BK | ||
| 945 | |d 20040604 00:00:00 |a cmena | ||
| 260 | |a Santa Fe |b Homo Sapiens |c 2001 | ||
| 650 | 0 | |a Democracia |9 255256 | |
| 650 | 7 | |a FILOSOFIA POLITICA |2 CL-VaPUC |9 485827 | |
| 650 | 0 | |a Etica social |9 267623 | |
| 650 | 0 | |a Ciudadanía |9 258339 | |
| 583 | |a last modification |c 20040604 00:00:00 |k Rodrigo Vera | ||
| 490 | 0 | |a Politeia | |
| 999 | |c 309436 |d 309434 | ||
| 952 | |0 0 |1 0 |4 0 |6 320_010000000000000_QUI_2001 |7 0 |8 DER_TF |9 376875 |a BIBDER |b BIBDER |d 2019-11-21 |i 4023862 |o 320.01 QUI 2001 |p 4023862 |r 2023-01-25 |w 2019-11-21 |x Ubicación 4to Piso |y BK |z Estos recursos deben solicitarse con anticipación |k DER | ||